| 000 | 00779cam a2200289 i 4500 | ||
|---|---|---|---|
| 001 | 259 | ||
| 003 | CO-MdFUSB | ||
| 005 | 20221022092447.0 | ||
| 008 | 221022t1997 sp ||||| |||| 00| 0 spa d | ||
| 020 | _a84-301-1342-8 | ||
| 040 |
_bspa. _aCO-MdFUSB _cCO-MdFUSB _dCO-MdFUSBC _erda |
||
| 041 | _aspa | ||
| 082 | 0 | 4 |
_a296.123 _bD367m |
| 100 | _eautor | ||
| 245 | 1 | 0 |
_aLa Misna / _c/ Carlos del Valle, Editor |
| 250 | _a2 ed. revisada y corrida | ||
| 264 | 1 |
_aSalamanca, España : _bEdiciones Sígueme, _c[1997] |
|
| 264 | 4 | _c© 1997 | |
| 300 |
_a1525 Pag. _c; |
||
| 336 |
_2rdacontent _atexto _btxt |
||
| 337 |
_2rdamedia _asin mediación _bn |
||
| 338 |
_2rdacarrier _avolumen _bnc |
||
| 653 | _aJudaísmo | ||
| 653 | _aMishnná | ||
| 942 | _cBK | ||
| 945 | _aestudiante | ||
| 999 |
_c31796 _d31796 |
||